|
|
แสดงรายละเอียดบรรณานุกรม |
|
|
Brief Record
: Get Marc (ISO 2709)
: E-mail record
: |
|
|
| LEADER 00000nama 2200000uu 4500 | |||
| 008 040531s2543 th m m a000 0 tha d | |||
| 020 974-7798-43-3 | |||
| 041 tha | |||
| 050 DS578.32 ภ7ค | |||
| 100 ภูมิพลอดุลยเดช, พระบาทสมเด็จพระปรมินทรมหา. | |||
| 245 คำพ่อสอน 001 | |||
| 246 สมเด็จพระเจ้าอยู่หัว ในหลวง | |||
| 250 3 | |||
| 260 กรุงเทพฯ โรงพิมพ์กรุงเทพฯ 2543 | |||
| 300 228 หน้า | |||
| 650 พระบรมราโชวาท,พระราชดำรัส | |||
| 998 2001-10-18 | |||
| คุณยังไม่ได้ล็อกอิน คุณสามารถมีกิจกรรมร่วมกับเว็บไซต์ได้ แต่ต้องล็อกอินก่อน :: |
|
| สถานะ | |||||||||
| 1. | หนังสือทั่วไป | DS578.32 ภ7ค 2543 | On Shelf ขอยืม | ||||||
| 2. | หนังสือทั่วไป | DS578.32 ภ7ค 2543 | On Shelf ขอยืม | ||||||
| 3. | หนังสือทั่วไป | DS578.32 ภ7ค 2543 | On Shelf ขอยืม | ||||||
| 4. | หนังสือทั่วไป | DS578.32 ภ7ค 2543 | On Shelf ขอยืม | ||||||
| 5. | หนังสือทั่วไป | DS578.32 ภ7ค 2543 | On Shelf ขอยืม | ||||||
| [แสดง 5/5 รายการ] | |||||||||
BibComment |
| คอมเมนท์ทรัพยากรรายการนี้ |
|
|